Kvetnica

Zobrazenie: pohľad na vilu Pod Hradom

Bibliographic Details
Format: Postcard
Language:Slovak
PhysicalDescription:1 pohľadnica čiernobiela 9 x 14 cm
Published: B. Bystrica Luna [1925?]
Subjects:

MARC

LEADER 00000nkm a2200000 a 4500
001 vtls008183477
003 SK-MaSNL
005 20260512123839.0
007 kp bo
008 231206q1925 xo g kuslo
015 |a SNBG 
035 |a 62E7BA58-52C1-44D4-8B9B-E8C6FED3DDEE 
035 |a urn:nbn:sk:snk-km004y2i 
035 |a urn:nbn:sk:snk-kmtgmu 
040 |a SNK  |b slo  |c SNK  |e AACR2 
041 0 |a slo 
043 |a e-xo--- 
044 |a xo  |c SK 
080 |a 614.2:725.512  |2 2001 
080 |a 913(437.6)  |2 2001 
080 |a (084.121)  |2 2001 
245 0 0 |a Kvetnica  |h grafika 
260 |a B. Bystrica  |b Luna  |c [1925?] 
300 |a 1 pohľadnica  |b čiernobiela  |c 9 x 14 cm 
500 |a Kvetnica je prímestskou časťou mesta Poprad 
520 8 |a Zobrazenie: pohľad na vilu Pod Hradom 
650 0 7 |a liečebne  |2 SNKPH  |9 56920 
651 7 |a Poprad (Slovensko)  |2 SNKPH  |9 20155 
655 7 |a miestne pohľadnice  |2 SNKPH  |9 70510 
852 |a Slovenská národná knižnica 
958 |a GC 
958 |a GBN 
958 |a OND 
999 |c 820102  |d 822032 
952 |a SNK  |b SNK  |y PREZ  |7 0  |p 17A0478486  |o snkSP 83321  |3 rekatalogizácia  |0 0  |1 0  |4 0  |d 2005-07-11  |f 1  |l 0  |r 2026-02-24 03:03:51  |w 2026-02-24